Central Library OPAC University of Rajshahi

Progress in reaction kinetics / (Record no. 10182)

MARC details
000 -LEADER
fixed length control field 00837nas a2200301 a 4500
001 - CONTROL NUMBER
control field 10182
003 - CONTROL NUMBER IDENTIFIER
rucl marc code BD-RjUL
005 - DATE AND TIME OF LATEST TRANSACTION
control field 20211208234916.0
008 - FIXED-LENGTH DATA ELEMENTS--GENERAL INFORMATION
fixed length control field 170524s1961 nyuqr 0 1 a0eng c
030 ## - CODEN DESIGNATION
CODEN PRKNAZ
032 ## - POSTAL REGISTRATION NUMBER
Postal registration number 009212
Source agency assigning number USPS
035 ## - SYSTEM CONTROL NUMBER
System control number (BD-RjUL)10230
040 ## - CATALOGING SOURCE
Original cataloging agency MnMULS
Transcribing agency MnMULS
Language of cataloging eng
041 ## - LANGUAGE CODE
Language code of text/sound track or separate title eng
082 00 - DEWEY DECIMAL CLASSIFICATION NUMBER
Classification number 541.394
Author mark and year PRO 1961
Edition number 23
245 00 - TITLE STATEMENT
Title Progress in reaction kinetics /
Statement of responsibility, etc. edited by G. Porter
260 ## - PUBLICATION, DISTRIBUTION, ETC. (IMPRINT)
Place of publication, distribution, etc. New York :
Name of publisher, distributor, etc. Pergamon Press,
Date of publication, distribution, etc. c1961
300 ## - PHYSICAL DESCRIPTION
Pagination v. :
Illustrations ill. ;
Size 23 cm.
504 ## - BIBLIOGRAPHY, ETC. NOTE
Bibliography, etc Includes index.
505 0# - FORMATTED CONTENTS NOTE
Formatted contents note Vol. 1 --
650 #0 - SUBJECT ADDED ENTRY--TOPICAL TERM
Topical term or geographic name as entry element Chemical kinetics
Form subdivision Periodicals.
9 (RLIN) 31448
Topical term or geographic name as entry element Reactiekinetiek.
Source of heading or term gtt
9 (RLIN) 31449
Topical term or geographic name as entry element Cinétique chimique
Form subdivision Collections.
9 (RLIN) 31450
700 ## - ADDED ENTRY--PERSONAL NAME
Personal name Porter, G.
942 ## - ADDED ENTRY ELEMENTS (KOHA)
Source of classification or shelving scheme Dewey Decimal Classification
Koha item type Books
Holdings
Lost status Source of classification or shelving scheme Damaged status Not for loan Collection code Permanent Location Current Location Shelving location Date acquired Source of acquisition Cost, normal purchase price Total Checkouts Full call number Date last seen Copy number Koha item type
  Dewey Decimal Classification     Non-fiction Central Library, University of Rajshahi Central Library, University of Rajshahi   04/08/1970 Zeithlinger 120.00   541.394 PRO V-1 1961 23/01/2014 C-1 Books
  Dewey Decimal Classification     Non-fiction Central Library, University of Rajshahi Central Library, University of Rajshahi   04/08/1970 Zeitlinger 120.00   541.394 PRO V-1 1961 24/05/2017 C-2 Books